000 00426nmm a2200157Ia 4500
008 251105s9999||||xx |||||||||||||||||und||
020 _a9788416213887
041 _aspa
100 _aFinnegan, William
245 0 _aAños salvajes
264 _a[Madrid, España] :
_bLibros del asteroide,
_c2016
300 _a600 páginas
650 _aBiography
856 _uhttps://public.digitaliapublishing.com/a/50555
942 _cCF
999 _c77389
_d77389